000 00808nam a22003017a 4500
001 BR9704022
003 BR-BrBNA
005 20230928095833.0
007 ta
008 230509b bl.||||| |||| 00| 0 por d
040 _aBR-BrBNA
_bpor
_cBiblioteca Nacional de Agricultura
041 _a(Por)
072 _aE14; E70
090 _ E14 BR9704022
110 1 _aFundacao Centro Estadual de Planejamento Agricola, Salvador, BA (Brasil)
_94810
245 1 _aDiagnostico da agropecuaria baiana
260 3 _aSalvador, BA (Brasil):
_c1983.
300 _avp.
500 _a58 tables
650 _aProjeto de Desenvolvimento
650 _aProjeto Agricola
650 _aProducao
650 _aOferta
650 _aDemanda
650 _aBahia
909 _a202309
_bLucia
_c55
_dLucia Elande
942 _cBK
999 _c58937
_d58937